Top 10 Best Football Comebacks of All Time - Statistics

General Stats
  • This quiz has been taken 141 times
    139 since last reset
  • The average score is 12 of 20
Answer Stats
Answer % Correct
Barcelona
90%
Paris Saint-Germain
90%
Barcelona
86%
Liverpool
85%
AC Milan
84%
Liverpool
84%
Manchester United
72%
Bayern Munich
71%
Manchester City
58%
West Germany
58%
Arsenal
57%
Queens Park Rangers
50%
Hungary
48%
Reading
45%
Arsenal
39%
Portugal
35%
Manchester United
32%
Newcastle United
32%
North Korea
28%
Tottenham Hotspur
19%
No matching quizzes found
Score Distribution
Percent of People with Each Score
Percentile by Number Answered
Your Score History
You have not taken this quiz since the last reset